书目信息 |
| 题名: |
活学活用黄帝内经
|
|
| 作者: | 路军章 , 路臻 编著 | |
| 分册: | ||
| 出版信息: | 武汉 湖北科学技术出版社 2018 |
|
| 页数: | 248页 | |
| 开本: | 25cm | |
| 丛书名: | 活学活用中医药养生经典 | |
| 单 册: | ||
| 中图分类: | R221.3 , R212 | |
| 科图分类: | ||
| 主题词: | ||
| 电子资源: | ||
| ISBN: | 978-7-5706-0006-9 | |
| 000 | 01013nam 2200289 450 | |
| 001 | 012001000508 | |
| 005 | 20131106105303.0 | |
| 010 | @a978-7-5706-0006-9@b精装@dCNY68.00 | |
| 099 | @aCAL 012019097053 | |
| 100 | @a20190814d2018 em y0chiy50 ea | |
| 101 | 0 | @achi |
| 102 | @aCN@b420000 | |
| 105 | @aa z 000yy | |
| 106 | @ar | |
| 200 | 1 | @a活学活用黄帝内经@Ahuo xue huo yong huang di nei jing@f路军章, 路臻编著 |
| 210 | @a武汉@c湖北科学技术出版社@d2018 | |
| 215 | @a248页@c彩图@d25cm | |
| 225 | 2 | @a活学活用中医药养生经典@Ahuo xue huo yong zhong yi yao yang sheng jing dian |
| 330 | @a本书分为“素问篇”和“灵枢篇”,各自围绕着医学养生巨著之一《黄帝内经》中的经典“论”展开,并精选、阐释、应用了其中的原文。 | |
| 410 | 0 | @12001 @a活学活用中医药养生经典 |
| 605 | @a内经@Anei jing@x养生(中医) | |
| 690 | @aR221.3@v5 | |
| 690 | @aR212@v5 | |
| 701 | 0 | @a路军章@Alu jun zhang@4编著 |
| 701 | 0 | @a路臻@Alu zhen@4编著 |
| 801 | 0 | @aCN@b北京卓展文化@c20191020 |
| 905 | @b1196269-72@dR221.3@e482@f4 | |
| 活学活用黄帝内经/路军章, 路臻编著.-武汉:湖北科学技术出版社,2018 |
| 248页:彩图;25cm.-(活学活用中医药养生经典) |
| ISBN 978-7-5706-0006-9(精装):CNY68.00 |
| 本书分为“素问篇”和“灵枢篇”,各自围绕着医学养生巨著之一《黄帝内经》中的经典“论”展开,并精选、阐释、应用了其中的原文。 |
| ● |
| 相关链接 |
|
|
|
|
正题名:活学活用黄帝内经
索取号:R221.3/482
 
预约/预借
| 序号 | 登录号 | 条形码 | 馆藏地/架位号 | 状态 | 备注 |
| 1 | 1196269 | 211962697 | 第二样本阅览室/ [索取号:R221.3/482] | 在馆 | |
| 2 | 1196270 | 211962704 | 第三借阅区/ [索取号:R221.3/482] |
已借出,限还日期为2026.03.19 借出人:孙小杰 |
|
| 3 | 1196271 | 211962713 | 第三借阅区/ [索取号:R221.3/482] | 在馆 | |
| 4 | 1196272 | 211962722 | 第三借阅区/ [索取号:R221.3/482] | 在馆 |